000 00506nam a22001697a 4500
005 20100331143917.0
006 a|||||r|||||00| 0
007 ta
008 100331c xxu||||| |||| 00| 0 eng d
245 _aDigit
260 _aNavi Mumbai
_bNine Dot Nine Media Interactive
_c2000-
300 _av.
_ccm
310 _amonthly
270 _a41/13, Sector 30, Vashi
_bNavi Mumbai
_e400073
_k40789666
_l22-40789540
942 _2ddc
_cSR
_s1
999 _c34962
_d34962